| 000 | 00746cam a22002411 4500 | ||
|---|---|---|---|
| 001 | ne 64001374 | ||
| 003 | DLC | ||
| 005 | 20260227111800.0 | ||
| 008 | 890929s1963 ua b b 000 0 ararc | ||
| 010 | _ane 64001374 | ||
| 035 | _a(OCoLC)20413690 | ||
| 040 |
_aPrinceton Univ. Libr for LC _cWaU _dWaU _dDLC |
||
| 042 | _apremarc | ||
| 043 | _af------ | ||
| 050 | 0 | 0 |
_aBP64.A1 _bH37 1963 |
| 100 | 1 | _aHassan, Hassan Ibrahim. | |
| 245 | 1 | 0 |
_aIntishār al-Islām fī al-qārrah al-Ifrīqīyah, _ctaʼlīf Ḥasan Ibrāhīm Ḥasan. |
| 250 | _aal-Ṭabʻah 2. | ||
| 260 |
_aal-Qāhirah, _bMaktabat al-Nahḍah al-Miṣrīyah, _c1963. |
||
| 300 |
_a5, 248 p. _bmaps. _c24 cm. |
||
| 504 | _aBibliography: p. [245]-248. | ||
| 650 | 0 |
_aIslam _zAfrica. |
|
| 999 |
_c47069 _d47069 |
||